The climate of West Malaysia and Singapore

Bibliographic Details
Main Author: Ooi, Jin Bee
Other Authors: Chia, Lin Sien
Format: Book
Published: Singapore, Kuala Lumpur : Oxford University Press , 1974
Subjects:

MARC

LEADER 00000cam a2200000 7i4500
001 0000000415
005 20220317.0
040 |a INS 
090 0 0 |a QC990.M3   |b O65 1974 
100 1 |a Ooi, Jin Bee 
245 1 4 |a The climate of West Malaysia and Singapore   |c Ooi Jin Bee ,Chia Lin Sien 
260 |a Singapore, Kuala Lumpur :   |b Oxford University Press ,   |c 1974 
300 |a x, 262p. :   |b ill. ;   |c 25cm. 
504 |a Includes bibliographical references and index 
651 0 |a Singapore   |x Climate 
651 0 |a West Malaysia   |x Climate 
700 1 |a Chia, Lin Sien 
999 |a 0000000257   |b BOOK   |c Open Shelf   |e Default branch